Geometry Dash Top 100 Most Liked Demons - Statistics

General Stats
  • This quiz has been taken 105 times
  • The average score is 28 of 100
Answer Stats
Level % Correct
B
98%
Bloodbath
96%
The Nightmare
85%
THE LIGHTNING ROAD
82%
Nine Circles
78%
Cataclysm
76%
X
76%
Bloodlust
73%
Sonic Wave
71%
Platinum Adventure
56%
Supersonic
55%
Jawbreaker
51%
Slaughterhouse
51%
Yatagarasu
51%
Future Funk
49%
Fairydust
47%
Xstep v2
47%
Speed Racer
45%
Windy Landscape
45%
Death Moon
42%
demon park
42%
HyperSonic
42%
CraZy
38%
Problematic
36%
Sakupen Hell
36%
8o
35%
CraZy III
35%
DeCode
35%
iSpyWithMyLittleEye
35%
-sirius-
35%
yStep
35%
Phobos
33%
Clutterfunk v2
31%
Crescendo
31%
SubSonic
31%
Theory of every v2
31%
Theory of SkriLLex
31%
Artificial Ascent
29%
Change of Scene
29%
Dear Nostalgists
29%
Electrodynamix v2
29%
The Ultimate Phase
29%
UltraSonic
29%
demon mixed
27%
HeLL
27%
Hexagon Force v2
27%
Nantendo
25%
Acropolis
24%
Electroman Adven v2
24%
hi
24%
PanaSonic
24%
Sidestep
24%
Buck Force
22%
Lonely travel
22%
Ultra Paracosm
22%
Forest Temple
20%
invisible clubstep
20%
moon adventure
20%
Poltergeist
20%
Duelo Maestro
18%
Laser Room
18%
Ultra violence
18%
Speed of Light
16%
Ultimate Demon Mix
16%
VeritY
16%
Blue Hell
15%
Chaoz Impact
15%
Extinction
15%
Impulse
15%
Retro Circles
15%
Shiver
15%
Flappy Weird
13%
Mechanical Showdown
13%
Reanimation
13%
ABCDEFGHIJKLMNOPQRS
11%
Bloodbath Z
11%
infinite circles
11%
Insomnia
11%
Motion
11%
Super Cycles
11%
Radioactive Demon
9%
demon jumper
7%
Hextec Flow
7%
Lights And Thunder
7%
Adust
5%
Horizon
5%
The Robotic Rush
5%
Beautiful Chaos
4%
Buried Angel
4%
dorabaedifficult4
4%
Extreme Fantasy
4%
FREEDOM
4%
Impact X
4%
Spark
4%
Chaotic
2%
Mirror Force
2%
What is it
2%
Mr CrazyHands
0%
Sky Realm
0%
Wild West
0%
No matching quizzes found
Score Distribution
Percent of People with Each Score
Percentile by Number Answered
Your Score History
You have not taken this quiz